|
|
|
|
| LEADER |
00000cam a2200000 7i4500 |
| 001 |
0000001819 |
| 005 |
20020128.0 |
| 020 |
0 |
0 |
|a 9798316177
|
| 090 |
0 |
0 |
|a R580bPLA 1994
|
| 245 |
0 |
0 |
|a PLANT resources of South-East Asia no. 5 (1) :
|b timber trees: major commercial timbers
|c I. Soerianegara and R. H. M. J. Lemmens (editors)
|
| 260 |
0 |
0 |
|a Bogor, Indonesia :
|b PROSEA ,
|c 1994
|
| 300 |
|
|
|a 610 p. :
|b ill. ;
|c 26 cm.
|
| 500 |
0 |
0 |
|a Includes bibliography : p. 501-546 and index
|
| 650 |
0 |
0 |
|a Timber
|z Asia, Southeastern
|
| 650 |
0 |
0 |
|a Trees
|z Asia, Southeastern
|
| 700 |
0 |
1 |
|a Lemmens
|h R. H. M. J.
|
| 700 |
0 |
1 |
|a Soerianegara
|h I.
|
| 998 |
|
|
|a JPSM
|
| 999 |
|
|
|a 0000002856
|b Monograph
|c Reference
|e Default branch
|